| 000 | 00562nam a22001817a 4500 | ||
|---|---|---|---|
| 003 | LC | ||
| 005 | 20170228100650.0 | ||
| 008 | 130626t xxu||||| |||| 00| 0 eng d | ||
| 020 | _a9719174919 | ||
| 050 |
_aBJ 1661 _b.K82 1999 |
||
| 082 |
_aFIL 248.4 _bK83 1998 |
||
| 100 | _aKong, Francis J. | ||
| 245 |
_aLife's work : _binspirational stories for the workplace and the heart / _cFrancis J. Kong |
||
| 260 |
_aManila, Philippines : _bBusiness Matters Publishing, _c1999. |
||
| 300 |
_a145 p. ; _c21 cm. : |
||
| 650 |
_aStories _xInspirational |
||
| 942 |
_2lcc _cBK |
||
| 999 |
_c3115 _d3115 |
||